Statistics for Gdje je glavni grad na mapi zemlje?

Click here to take the quiz!

General Stats

  • This quiz has been taken 4 times
  • The average score is 10 of 15

Answer Stats

QuestionAnswer% Correct
Gdje je glavni grad Njemačke?
100%
Gdje je glavni grad Sjedinjenih Država?
75%
Gdje je glavni grad Indije?
75%
Gdje je glavni grad Brazila?
75%
Gdje je glavni grad Egipta?
75%
Gdje je glavni grad Francuske?
75%
Gdje je glavni grad Španije?
75%
Gdje je glavni grad Švedske?
75%
Gdje je glavni grad Ujedinjenog Kraljevstva?
75%
Gdje je glavni grad Japana?
75%
Gdje je glavni grad Turske?
50%
Gdje je glavni grad Kine?
50%
Gdje je glavni grad Kanade?
50%
Gdje je glavni grad Australije?
25%
Gdje je glavni grad Maroka?
25%

Score Distribution

Percentile by Number Answered

Percent of People with Each Score

Your Score History

You have not taken this quiz